00505cam a22001337a 4500008004000000082001600040100002100056245011400077260002400191300001000215650004000225999001900265952008700284180718b1990 xxu||||| |||| 00| 0 eng d aI28x54 Sa73 aSarkar, J. Sarma aCommissions of inquiry: practice and principle with up to date case laws and commentariescby J. Sarma Sarkar aDelhibAshishc1990 a105p. aGovernmental investigations --India c353572d353572 00104070aIIPAbIIPAd1993-12-03oI28x54 Sa73p65675r2018-07-21w2018-07-21yBK